000 00656cam a2200229 4500500
005 20260329002813.0
041 _afre
042 _adc
100 1 0 _aDagognet, François
_eauthor
245 0 0 _aUne vérité si délicate
260 _c2013.
500 _a100
690 _aEspionnage
690 _aHannah Arendt
690 _aJohn le Carré
690 _aMensonge
690 _aPost-démocratie
690 _aTrahison
690 _aVérité
786 0 _nPhilosophie magazine | 74 | 11 | 2013-11-01 | p. 73-73 | 1951-1787
856 4 1 _uhttps://shs.cairn.info/magazine-philosophie-magazine-2013-11-page-73?lang=fr&redirect-ssocas=7080
999 _c1818556
_d1818556